Montreal A-Z - Statistics

General Stats
  • This quiz has been taken 93 times
  • The average score is 19 of 25
Answer Stats
Clue Answer % Correct
Province Montreal is located in Quebec
93%
Contemporary circus producer:Cirque de _____ Soleil
93%
Island with Canada's Grand Prix {Notre} Dame
91%
Canadian PM Pierre Trudeau
91%
River Montreal touches: St. _______ Lawrence
89%
English-language university McGill
89%
Comedy festival, 1982–2024 {Just} for Laughs
85%
World's fair 1967 {Expo} '67
84%
Ferris wheel: La ______ Roue Grande
84%
Highest point: Mount _____ Royal
84%
Summer 1976 event Olympics
83%
Old Montreal square: Place d'_____ Armes
78%
L'___ de Montréal, ou Jésus Île
77%
Code of Montreal Intl. Airport YUL
77%
Nickname of the Canadiens NHL team Habs
76%
Settlement established in 1642 {Ville}-Marie
76%
Enclave near the downtown {West}mount
76%
Eurovision winner of 1988 Dion
73%
Attraction: Tyrolienne MTL ___line Zip
68%
First European to visit the area Cartier
66%
Montreal's UQ campus (abbr.) UQAM
66%
Indie rock band: Arcade ___ Fire
63%
Montreal has its own style of ____, different from the New York style Bagel
59%
Belvedere with a view of the city {Kondia}ronk
23%
Treaty to phase out ozone depleting substances: Montreal _______ Protocol
23%
No matching quizzes found
Score Distribution
Percent of People with Each Score
Percentile by Number Answered
Your Score History
You have not taken this quiz